000 00430nam a22001817a 4500
003 MPLRDC
005 20220104164620.0
008 210129b ||||| |||| 00| 0 eng d
020 _a983-50-1096-X
082 _a859.6 PPSN
100 _a不详
245 _aTHE RED SHOES
_c
250 _a第一版
260 _a
_bPENERBITAN PELANGI S/B
_c1996
300 _b
650 _aCHILDREN LITERATURE
942 _cBK
_o859.6 PPSN
999 _c57062
_d57052